Prison Break - Statistics

General Stats
  • This quiz has been taken 798 times
  • The average score is 12 of 21
Answer Stats
Hint Answer % Correct
Name of prison in season 1 Fox River
97%
Female doctor and love interest Sara Tancredi
83%
Michael and Sara's son Michael
78%
Country in season 3 Panama
75%
Name of the organisation that framed Lincoln The Company
73%
FBI agent season 2 Alexander Mahone
71%
Health condition Michael lies about having season 1 Diabetes
70%
Season 3 prison Sona
66%
T-Bag
65%
Lincoln Burrows
64%
C-Note
62%
John Abruzzi
55%
Fernando Sucre
53%
Haywire
52%
Tweener
52%
Charles Westmoreland Alias D.B Cooper
46%
Name of Michael and Lincoln's mother Christina
41%
Haywire Charles Patoshik
39%
The department that Don Self works for Homeland Security
30%
This prison break actor is now Walking Dead Sarah Wayne Callies
16%
Fox River 8 Michael Schofield
0%
No matching quizzes found
Score Distribution
Percent of People with Each Score
Percentile by Number Answered
Your Score History
You have not taken this quiz